[Event "IND-chT (Women) 16th"]
[Site "Bhubaneswar"]
[Date "2018.02.13"]
[Round "6.1"]
[White "Gomes, Mary Ann"]
[Black "Sribrinda, Rout"]
[Result "1-0"]
[WhiteElo "2329"]
[BlackElo "1564"]
[PlyCount "63"]
[EventDate "2018.02.08"]
[EventType "team-swiss"]
[EventRounds "7"]
[EventCountry "IND"]
[SourceTitle "CBM 182 Extra"]
[Source "ChessBase"]
[SourceDate "2018.02.23"]
[SourceVersion "1"]
[SourceVersionDate "2018.02.23"]
[SourceQuality "1"]
[WhiteTeam "Petroleum Sports (W)"]
[BlackTeam "Odisha KIIT (W)"]
[WhiteTeamCountry "IND"]
[BlackTeamCountry "IND"]

1. Nf3 Nc6 2. d4 d5 3. Bf4 Bf5 4. e3 a6 5. c4 Nf6 6. Nc3 e6 7. a3 Bd6 8. Bg5 dxc4 9. e4 Bg6 10. e5 Be7 11. exf6 Bxf6 12. Bxf6 Qxf6 13. Bxc4 Rd8 14. d5 Ne5 15. Nxe5 Qxe5+ 16. Qe2 Qxe2+ 17. Kxe2 e5 18. Rhe1 Rd6 19. Kf1 f6 20. f4 Rf8 21. Kg1 Kd7 22. fxe5 fxe5 23. Rxe5 Kd8 24. Rf1 Rxf1+ 25. Kxf1 Rf6+ 26. Ke2 Kd7 27. Bd3 Bxd3+ 28. Kxd3 Rf2 29. Re2 Rf7 30. Ne4 h6 31. Nc5+ Kc8 32. Re8# 1-0